| 000 | 00415nam a2200133Ia 4500 | ||
|---|---|---|---|
| 008 | 190926s9999||||xx |||||||||||||| ||und|| | ||
| 082 |
_a242 _bPAN/Y |
||
| 100 | _aPandey, Umesh Chandra | ||
| 245 | 0 | _aYagyavalkya Smriti of Yogishwara Yagyavalkya With the Mitaksara Commentary of Vigyaneshwara. Adhyay: Achara | |
| 250 | _a3 | ||
| 260 |
_aVaranasi _bChaukhambha Sanskrit Sansthan _c1983 |
||
| 300 | _a186 | ||
| 942 | _cBK | ||
| 999 |
_c9396 _d9396 |
||